000 01068nam a22003377a 4500
003 CHAP
005 20220329143738.0
008 110526s1965 es a r 00010 spa d
010 _a101312
011 _a102284
035 _a112972
040 _cCHAP
082 0 4 _a631.4
_bD45
100 0 0 _aDemolon, Albert.
_931748
245 1 0 _aDinámica del suelo
_c/por Albert Demolon
260 _aBarcelona :
_bOmega,
_c1965
300 _a527 p. :
_bilus., cuadros, gráfs.
490 _aPrincipes d'Agronomie
_v; 1
590 _aBATCH-UPD
_b10
_c20130110
_lUCH01
_h1527
590 _aBATCH-UPD
_b10
_c20130410
_lUCH01
_h0936
590 _aBATCH-UPD
_b10
_c20130914
_lUCH01
_h1142
590 _aCONVERSION
_b10
_c20130109
_lUCH01
_h1356
650 1 4 _aSuelos
_xAnálisis.
_9110204
650 1 4 _aSuelos
_xClasificación.
_9110239
650 1 4 _aSuelos
_xEstructura.
_9110360
650 1 4 _aSuelos
_xQuímica de.
_9110470
830 0 _aPrincipes d'Agronomie
_v; 1
_991650
901 _aBK
942 _cLIBRO
949 _a631.4 D45
_bBC
_cLIBRO
_d33724002251074
_eLIBRO
_h115052
_i112972
_si
999 _c101312
_d101312